000
00214 a2200097 4500
001
29330
100
_a
Loomba
245
_a
management a quantitative perspectum
260
_a
_b
Macmillan
_c
090
_c
19550
_d
19550
942
_a
NUST-CAE
_c
M
_c
10614
999
_c
264403
_d
264403